000 00583nam a2200193Ia 4500
008 210719s2021 xx 000 0 und d
020 _a978-93-89811-51-3
041 _aeng
082 _a153.43 THOT
100 _aTHORPE (Edgar);Showick;Vandana
245 _aTest of reasoning: for all competitive examination Ed 7
250 _a7
260 _aChennai
_bMcGraw Hill Education (India) Private Limited
_c2021
300 _ax,754
_bPB
365 _b695
_cRs
650 _aPsychology
650 _aReasoning
906 _aall ; competitive ; examination ; for ; reasoning: ; Test
999 _c211984
_d211984